000 00799nam a2200265Ia 4500
003 OSt
005 20220926004531.0
006 a|||||r|||| 00| 0
007 ta
008 220923b |||||||| |||| 00| 0 eng d
020 _a8186030697
037 _cGeneral Book
040 _aRTL
_cRTL
_beng
041 _2eng
_aeng
082 _aY7447791, N8
100 _aChacko Pariyaram M Ed.
_9308823
245 0 _aMatriliny in Meghalaya
_b Tradition and change
260 _a New Delhi
_bRegency Publications
_c1998
300 _axi, 114p
_ccm.
500 _aBibliography chapterwise and : P 107-12
650 _a Ethnic Group Sociology
_9308824
650 _aMeghalayes
_9308825
942 _hY7447791, N8
_cGB
_2CC
999 _c611513
_d611513